O cuquedo (Registo nº 1173)

Detalhes MARC
000 -Etiqueta do registo
Cabeçalho 00791nam0a2200277 4500
005 - Identificador da versão
Campo de controlo 20240813121827.0
010 ## - Número internacional normalizado dos livros (ISBN)
Número (ISBN) 9789722415842
021 ## - Número do Depósito Legal
Código do país PT
Número 269896/08
100 ## - Dados gerais de processamento
Dados gerais de processamento 20150904d2009 d y0pory5003 ba
102 ## - Pais de publicação ou produção
País de publicação Portugal
101 0# - Língua de publicação
Língua do texto, banda sonora, etc. Português
215 ## - Descrição física 
Indicação específica da natureza do documento e extensão da espécie [36] p.
Outras indicações físicas muito il. color
200 1# - Titulo e menção de responsabilidade
Título próprio O cuquedo
Informação de outro título alto lá!
Primeira menção de responsabilidade Clara Cunha
Outras menções de responsabilidade il. Paulo Galindro
205 ## - Menção da edição
Menção da edição 2ª ed
210 ## - Publicação, Distribuição, etc. 
Lugar da edição, distribuição, etc. Lisboa
Nome do editor, distribuidor, etc. Livros Horizonte
Data da publicação, distribuição, etc. 2009
300 ## - Notas gerais 
Texto da nota Plano Nacional de Leitura
606 ## - Nome comum usado como assunto
Número de registo de entrada de autoridade 0002010
Palavra de ordem Literatura portuguesa
Subdivisão de assunto Conto
Código do sistema CA
675 ## - Classificação Decimal Universal (CDU)
Notação 821.134.3-34
Edição 3ª ed.
Língua da edição por
702 #1 - Nome de autor-pessoa física (responsabilidade secundária)
Número de registo de entrada de autoridade 0001656
Palavra de ordem Galindro
Outra parte do nome não tomada para palavra de ordem Paulo
Código de função Ilustrador / Técnico de desenho computorizado
700 #1 - Nome de autor-pessoa física (responsabilidade principal)
Número de registo de entrada de autoridade 0001655
Palavra de ordem Cunha
Outra parte do nome não tomada para palavra de ordem Clara
900 ## -
-- BIBNAC
-- 20091013
966 ## - Identificação da Biblioteca
Sigla EB2,3ENM
942 ## - Elementos de entrada adicionados (Koha)
Tipo de item no Koha Livro
Exemplares
Situação do levantamento Origin of item (home branch) (coded) Biblioteca de empréstimo Código de barras Cota Circulation type (not for loan) Tipo de documento Nota do exemplar Damaged status
  Biblioteca Escolar Eng. Nuno Mergulhão Biblioteca Escolar Eng. Nuno Mergulhão BENM2130 82LP-34 CUN PNL   Livro Sem mensagem